header

Prisoner of history (Record no. 69481)

MARC details
000 -LEADER
fixed length control field 01382nam a2200337Ia 4500
082 04 - DEWEY DECIMAL CLASSIFICATION NUMBER
Classification number 938/.504/092
-- B
100 1# - MAIN ENTRY--AUTHOR NAME
Personal name Henry, Madeleine Mary,
245 10 - TITLE STATEMENT
Title Prisoner of history
260 ## - PUBLICATION, DISTRIBUTION, ETC. (IMPRINT)
Place of publication New York ;
-- Oxford :
Name of publisher Oxford University Press,
Year of publication 1995.
300 ## - PHYSICAL DESCRIPTION
Number of Pages 201 p. :
Other physical details ill.
650 #0 - SUBJECT ADDED ENTRY--TOPICAL TERM
Topical Term Mistresses
Topical Term Women
856 40 - ELECTRONIC LOCATION AND ACCESS
Uniform Resource Identifier http://site.ebrary.com/lib/rucke/Doc?id=10087223

No items available.

© 2026 Rongo University
Contact us: librarian | system librarian | Rongo university